| 000 | 00996 a2200229 4500 | ||
|---|---|---|---|
| 999 |
_c3964 _d3964 |
||
| 020 | _a9780198077107 | ||
| 020 | _a0198077106 | ||
| 050 | 0 | 0 | _aKNS856 ALB 2013 |
| 100 | 1 | _aAlbuquerque, Daniel. | |
| 245 | 1 | 0 |
_aLegal aspects of business : _btexts, jurisprudence, and cases / _cDaniel Albuquerque. |
| 264 |
_aOxford: _bOxford University Press, _c2013 |
||
| 300 |
_axxii, 793 p. : _bill., forms ; |
||
| 500 | _ajurisprudence | ||
| 504 | _aIncludes bibliographical references and index. | ||
| 650 | 0 | _aCommercial law | |
| 650 | 0 |
_aBusiness enterprises _xLaw and legislation |
|
| 856 | 4 | 2 |
_3Contributor biographical information _uhttp://www.loc.gov/catdir/enhancements/fy1410/2013431311-b.html |
| 856 | 4 | 2 |
_3Publisher description _uhttp://www.loc.gov/catdir/enhancements/fy1410/2013431311-d.html |
| 856 | 4 | 1 |
_3Table of contents only _uhttp://www.loc.gov/catdir/enhancements/fy1410/2013431311-t.html |
| 942 |
_2lcc _cBK _h856 _iALB _kKNS |
||